Регионална библиотека "Любен Каравелов" - Русе

Лични спомени за Жана д'Арк (Запис номер 418534)

MARC детайли
000 -Лидер
Контролно поле с фиксирана дължина nam a22 a 4500
003 - Код на организацията, давaща контролен номер
Контролно поле BLK
005 - Дата и час на последна редакция
Контролно поле 20210608152713.0
008 - Елементи от данни с фиксирана дължина
fixed length control field 210608b bu |||||||||| 00| 0 bu d
020 ## - Международен стандартен номер на книга ISBN
Международен стандартен номер на книга ISBN 619-01-0716-8
040 ## - Източник на каталожния запис
Идентификатор на билиотеката - собственик на записа BLK
041 ## - Код за език
Код за езика на текст/звукозапис или на отделно заглавие Български
Код за езика КДБФ Български
080 ## - УДК
Текстов определител УДК Американска литература (на САЩ)
УДК код - определител по УДК 821.111(73)
УДК - код + определител 821.111(73)-311.6
100 ## - Редна дума - Автор
R(LIN) 1299
Автор Твен, Марк
Авторска отговорност първи автор
Пълна форма на името Клемънс, Самюъл Лангхорн
245 ## - Сведения за заглавието
Заглавие Лични спомени за Жана д'Арк
260 ## - Област на издателските данни
Място на издаване, разпространение и проч. София
Име на издателя, разпространителя и проч. Изток-Запад
Година на издаване 2020
300 ## - Физическа характеристика
Страници 432 с.
Размери/Мащаб 22 см.
380 ## - Жанр
Жанр Худож. лит.
490 ## - СЕРИИ (Колекции)
9 (RLIN) 442647
Име на серия Плеяди
ISSN C634-7649
501 ## - Забележка „подвързано към”
Забележка: Подвързано към... Ориг. загл.: Personal recollections of Joan of Arc / Mark Twain
700 ## - Други автори (авторска отговорност)
9 (RLIN) 403339
Лично име Маркова, Аглика Йосифова
Автороска отговорност (Описва отношението между автора и произведението) прев. от англ.
730 ## - Точка за достъп--Унифицирано заглавие
Унифицирано заглавие Personal recollections of Joan of Arc.
9 (RLIN) 204967
852 ## - Местоположение
Форматна сигнатура Цб 307608
999 ## - СИСТЕМНИ КОНТРОЛНИ НОМЕРА
Koha biblionumber 418534
Koha biblioitemnumber 418534
942 ## - АРТИКУЛИ
Вид на библиотечния материал Книги
Скрит в OPAC Не
Периодичен библиозапис Да
944 ## - СЪЗДАВАНЕ И РЕДАКЦИЯ на ЗАПИСА
Създаване/Редакция Създаване
Служител, извършил регистрацията/редакцията В.Т
Наличности
Код за отписване Код за изгубен артикул Източник на класификационната схема Код за повреда Коз за рестрикции Код за отдаване Артикулен № Име на библиотеката - собственик Име на библиотеката, в която се намира в момента Статус (Текущо местоположение) Дата на вписване в системата Местоположение - отдел Цена в лева Систематично азбучна сигнатура Баркод Цена в евро Служебен тип на артикула
  Не е изгубен Universal Decimal Classification Не е повреден само за читалня ползва се в читалня 835686 Регионална библиотека "Любен Каравелов" Русе Регионална библиотека "Любен Каравелов" Русе Хранилище 2021-06-09 Хранилище 19.90 Цб 307608 120000855932 10.17 Книги
Vip Innovations Ltd, Rousse, Bulgaria 2025